000 00299nam a2200121Ia 4500
008 220204s9999 xx 000 0 und d
020 _a8187879483
082 _a327.2
_bAMI
100 _aAmin, Samir
245 4 _aThe liberal virus: Permanent war
260 _aDelhi
_bAakar Books
_c2005
942 _cBK
999 _c42751
_d42751